États non-reconnus et Territoires du Monde - Statistiques

Statistiques générales
  • Ce quiz a été pris 245 fois
  • Le résultat moyen est 24 sur 47
Réponses sur la Carte
Les réponses sont colorées sur une échelle allant du rouge au vert en fonction du pourcentage des utilisateurs qui les ont devinées à leur premier essai. Vous pouvez retrouver ces pourcentages ci-dessous.
 
Statistiques - réponses
Réponses % Correct
La Réunion
71%
Îles Féroé
70%
Mayotte
67%
Nouvelle-Calédonie
66%
Polynésie Française
66%
République arabe sahraouie démocratique
62%
Îles Vierges britanniques
60%
Bermudes
59%
Îles Vierges des États-Unis
59%
Sainte-Hélène, Ascension et Tristan da Cunha
59%
Saint-Pierre-et-Miquelon
59%
Somaliland
59%
Guyane
58%
Chypre du Nord
57%
Hong Kong
57%
Îles Malouines
56%
Îles Caïmans
53%
Wallis-et-Futuna
53%
Curaçao
52%
Transnistrie
52%
Îles Cook
51%
Samoa américaines
51%
Guam
50%
Île de Man
50%
Ossétie du Sud
50%
Aruba
49%
Niue
49%
Abkhazie
48%
Île Christmas
48%
Îles Cocos (Keeling)
48%
Îles Mariannes du Nord
48%
Îles Turques-et-Caïques
48%
Jersey
48%
Saint-Martin
48%
Sint Maarten
48%
Île Maurice
47%
Svalbard et Jan Mayen
46%
Pays-Bas caribéens
45%
Saint-Marin
44%
Guernesey
43%
Guyana
41%
Île Norfolk
41%
Macao
41%
Saint-Barthélemy
41%
Îles Pitcairn
39%
Montserrat
34%
Tokelau
29%
Aucun quiz correspondant
Distribution des résultats
% des personnes avec chaque résultat
Percentile par nombre de réponses
Votre historique - résultats
Vous n’avez pas pris ce quiz